00526nam a2200181 a 45000010010000000030011000100080041000210350026000620820016000881000018001042450032001222600037001546500015001919420012002069520091002189980020003099990015003290000-9090ELIB.Books110520 1953  a(ELIB.Books)0000-9239 a210.1 bRam aRamm, Bernard aTypes of Apologetic Systems bWheaton: Van Kampen Press c1953 aPsychology 2ddccBK 00102ddc4070aKBTSbKBTSd2011-05-20l0p10869r2022-01-22 00:00:00w2022-01-22yBK cbate2011-05-20 c9090d9090